[ Resolución del I Congreso Mundial de Derechos Humanos]

Salvato in:
Dettagli Bibliografici
Ente Autore: Comisión de Derechos Humanos de Guatemala. Area Centroamericana
Natura: testo
Pubblicazione: Managua :
Soggetti:
Tags: Aggiungi Tag
Nessun Tag, puoi essere il primo ad aggiungerne!!

MARC

LEADER 00000 a a2200000 04500
001 14558
003
040
090 |a 014300  
110 |a Comisión de Derechos Humanos de Guatemala. Area Centroamericana  
245 |a [ Resolución del I Congreso Mundial de Derechos Humanos]  
260 |a Managua :  
300 |a 2 p.  
650 |a DERECHOS HUMANOS  
999 |c 5771  |d 5771